[Event "ch-RUS Blitz 2016"]
[Site "Sochi RUS"]
[Date "2016.10.04"]
[Round "18.6"]
[White "Popov, Ivan RUS"]
[Black "Bocharov, Dmitry"]
[Result "1-0"]
[WhiteTitle "GM"]
[BlackTitle "GM"]
[WhiteElo "2596"]
[BlackElo "2611"]
[WhiteFideId "4170350"]
[BlackFideId "4138716"]
[EventDate "2016.10.04"]

1. Nf3 Nf6 2. g3 d5 3. Bg2 e6 4. O-O Be7 5. b3 O-O 6. Bb2 b6 7. c4 Bb7 8. e3 c5
9. Qe2 Qc8 10. Nc3 Rd8 11. cxd5 Nxd5 12. Rac1 Ba6 13. Nb5 Nc6 14. d4 cxd4 15.
Ne5 Nc3 16. Bxc3 Nxe5 17. Bxd4 Qd7 18. Bxe5 Bxb5 19. Qg4 f6 20. Rc7 1-0

[Event "ch-RUS Blitz 2016"]
[Site "Sochi RUS"]
[Date "2016.10.04"]
[Round "18.7"]
[White "Riazantsev, Alexander"]
[Black "Khismatullin, Denis"]
[Result "1-0"]
[WhiteTitle "GM"]
[BlackTitle "GM"]
[WhiteElo "2651"]
[BlackElo "2617"]
[WhiteFideId "4125029"]
[BlackFideId "4142578"]
[EventDate "2016.10.04"]

1. d4 e6 2. c4 Nf6 3. Nc3 Bb4 4. Nf3 b6 5. e3 Ne4 6. Qc2 Bb7 7. Bd3 f5 8. O-O
Bxc3 9. bxc3 O-O 10. c5 bxc5 11. Rb1 Qc8 12. Ne5 Ba6 13. f3 Bxd3 14. Qxd3 Nf6
15. dxc5 Nc6 16. Nxc6 dxc6 17. e4 fxe4 18. fxe4 e5 19. Qc4+ Kh8 20. Rf5 Ng8 21.
Rxe5 Rb8 22. Rxb8 Qxb8 23. Qd3 Rd8 24. Qc2 Qb5 25. Be3 Qc4 1-0

[Event "ch-RUS Blitz 2016"]
[Site "Sochi RUS"]
[Date "2016.10.04"]
[Round "18.8"]
[White "Vitiugov, Nikita"]
[Black "Shaposhnikov, Evgeny"]
[Result "1/2-1/2"]
[WhiteTitle "GM"]
[BlackTitle "GM"]
[WhiteElo "2721"]
[BlackElo "2557"]
[WhiteFideId "4152956"]
[BlackFideId "4122232"]
[EventDate "2016.10.04"]

1. Nf3 d5 2. d4 Nf6 3. c4 c6 4. e3 Bg4 5. Nbd2 e6 6. b3 Nbd7 7. Bb2 Bd6 8. Qc2
Bf5 9. Bd3 Bxd3 10. Qxd3 Qe7 11. O-O Ba3 12. Bc3 Bb4 13. Bb2 Ba3 14. Bc3 Bb4 15.
Bb2 Ba3 16. Bc3 Bb4 17. a3 Bxc3 18. Qxc3 O-O 19. b4 Ne4 20. Nxe4 dxe4 21. Ne5 f6
22. Nxd7 Qxd7 23. a4 a6 24. Rab1 f5 25. g3 h6 26. Rfd1 Kh7 27. Qb3 Rfd8 28. b5
axb5 29. axb5 Ra7 30. Qb4 Ra2 31. Qc5 Rc8 32. Rdc1 Qe8 33. bxc6 Rxc6 34. Qe5 Qc8
35. c5 b6 36. Rb5 Rd2 37. h4 Ra2 38. Kg2 Ra7 39. Rxb6 Ra6 40. Rxc6 Qxc6 41. d5
Qxd5 42. Qxd5 exd5 43. c6 Ra8 44. c7 Rc8 45. h5 Kg8 46. Rc5 Kf7 47. Rxd5 Rxc7
48. Rxf5+ Ke6 49. Ra5 Rc2 50. g4 Kf6 51. Kg3 Rb2 52. Rf5+ Ke6 53. Ra5 Rc2 54.
Ra4 Ke5 55. Ra6 Rb2 56. Rg6 Rb7 57. g5 hxg5 58. Rxg5+ Kf6 59. Kf4 Rb2 60. Rg6+
Kf7 61. Rg2 Rb5 62. Rh2 Rb4 63. Ke5 Ke7 64. Rg2 Kf7 65. Rg4 Rb5+ 66. Kxe4 Rxh5
67. f4 Ra5 68. Rg5 Ra4+ 69. Kf3 Ra3 70. Re5 Kf6 71. Rb5 g6 72. Rb6+ Kf5 73. Rb5+
Kf6 74. Rb4 Kf5 75. Rb5+ Kf6 76. Rb1 Kf5 77. Rb8 Kf6 78. Re8 Kf7 79. Re5 Kf6 80.
Kg4 Ra1 81. Rb5 Re1 82. Rb6+ Kf7 83. Kf3 Kg7 84. e4 Kf7 85. Rb7+ Ke6 86. Rb6+
Kf7 87. e5 g5 88. Rf6+ Kg7 89. Rf5 gxf4 90. Kxf4 Rf1+ 91. Kg5 Rxf5+ 1/2-1/2

[Event "ch-RUS Blitz 2016"]
[Site "Sochi RUS"]
[Date "2016.10.04"]
[Round "18.9"]
[White "Morozevich, Alexander"]
[Black "Rakhmanov, Aleksandr"]
[Result "0-1"]
[WhiteTitle "GM"]
[BlackTitle "GM"]
[WhiteElo "2683"]
[BlackElo "2662"]
[WhiteFideId "4116992"]
[BlackFideId "4173708"]
[EventDate "2016.10.04"]

1. d4 e6 2. e4 d5 3. exd5 exd5 4. c4 Nf6 5. Nc3 Bb4 6. Bd3 O-O 7. Ne2 dxc4 8.
Bxc4 Nc6 9. a3 Bd6 10. f3 Re8 11. Bg5 h6 12. Bh4 a6 13. O-O Na5 14. Ba2 b5 15.
Qd3 Be6 16. d5 Bd7 17. Kh1 Nb7 18. Rad1 Be5 19. Nd4 Nd6 20. Nc6 Bxc6 21. dxc6
Qc8 22. Rfe1 Qf5 23. Qxf5 Nxf5 24. Bxf6 gxf6 25. Rd7 Nd6 26. Ne4 Nc4 27. g4 Kg7
28. Re2 Re6 29. Bxc4 bxc4 30. Ng3 Rxc6 31. Nf5+ Kf8 32. Nxh6 Ke8 33. Rxf7 Rb8
34. Rh7 Rxb2 35. Re4 c3 36. Rh8+ Kd7 37. Rh7+ Kc8 0-1

[Event "ch-RUS Blitz 2016"]
[Site "Sochi RUS"]
[Date "2016.10.04"]
[Round "18.10"]
[White "Bologan, Victor"]
[Black "Moskalenko, Alexander"]
[Result "1-0"]
[WhiteTitle "GM"]
[BlackTitle "IM"]
[WhiteElo "2640"]
[BlackElo "2490"]
[WhiteFideId "13900048"]
[BlackFideId "4155351"]
[EventDate "2016.10.04"]

1. c4 e5 2. b3 c5 3. Bb2 Nc6 4. Nc3 Nf6 5. e3 g6 6. Nge2 Bg7 7. Ng3 O-O 8. Be2
d5 9. cxd5 Nxd5 10. Nge4 b6 11. Nxd5 Qxd5 12. Bf3 Qd7 13. Be2 Nb4 14. O-O Bb7
15. Ng3 Rad8 16. Bc3 Nd3 17. Bf3 b5 18. Bxb7 Qxb7 19. Rb1 h5 20. f3 f5 21. Qc2
Rd7 22. Ne2 Rfd8 23. Rbd1 Qa6 24. e4 fxe4 25. fxe4 Qc6 26. Rf3 Qxe4 27. Re3 Qd5
28. Rf1 Bh6 29. Rg3 Kh7 30. Nc1 c4 31. bxc4 bxc4 32. Nxd3 cxd3 33. Qa4 Rf7 34.
Rxf7+ Qxf7 35. Rf3 Qd7 36. Qc4 Bg7 37. Rf7 Qg4 38. Qxg4 hxg4 1-0

[Event "ch-RUS Blitz 2016"]
[Site "Sochi RUS"]
[Date "2016.10.04"]
[Round "18.11"]
[White "Gabrielian, Artur"]
[Black "Alekseev, Evgeny"]
[Result "0-1"]
[WhiteTitle "GM"]
[BlackTitle "GM"]
[WhiteElo "2524"]
[BlackElo "2636"]
[WhiteFideId "4131002"]
[BlackFideId "4138147"]
[EventDate "2016.10.04"]

1. e4 c5 2. Nf3 d6 3. d4 cxd4 4. Qxd4 Nc6 5. Bb5 Bd7 6. Qd3 g6 7. c4 Bg7 8. O-O
Nf6 9. Nc3 O-O 10. h3 a6 11. Bxc6 Bxc6 12. Nd4 Nd7 13. Be3 Nc5 14. Qc2 Ne6 15.
Qd2 Nxd4 16. Bxd4 b5 17. cxb5 axb5 18. a3 Qd7 19. Rac1 Qb7 20. Bxg7 Kxg7 21.
Qd4+ f6 22. f3 Rfc8 23. Kf2 Bd7 24. Nd5 Be6 25. Nb4 Rc4 26. Rxc4 bxc4 27. Rc1
Ra5 28. Kg1 Bf7 29. Rd1 Rc5 30. Qc3 h5 31. h4 g5 32. hxg5 Rxg5 33. Qe3 Qb5 34.
Qd4 c3 35. Qf2 cxb2 36. Qxb2 h4 37. Kh2 d5 38. exd5 Qb8+ 39. Kh1 Qg3 40. Nd3 h3
41. Qf2 hxg2+ 42. Kg1 Qh3 0-1

[Event "ch-RUS Blitz 2016"]
[Site "Sochi RUS"]
[Date "2016.10.04"]
[Round "18.12"]
[White "Romanov, Evgeny"]
[Black "Paravyan, David"]
[Result "1/2-1/2"]
[WhiteTitle "GM"]
[BlackTitle "IM"]
[WhiteElo "2619"]
[BlackElo "2528"]
[WhiteFideId "4148843"]
[BlackFideId "4194985"]
[EventDate "2016.10.04"]

1. f4 d5 2. Nf3 Bg4 3. Ne5 Be6 4. e3 Nd7 5. Bd3 Nxe5 6. fxe5 Qd7 7. O-O g6 8. b3
Bg7 9. Bb2 Nh6 10. Qe1 O-O-O 11. Bd4 Ng4 12. Nc3 Bxe5 13. h3 Bxd4 14. exd4 Nf6
15. Qe5 Qd6 16. Nb5 Qxe5 17. dxe5 Nd7 18. Rae1 a6 19. Nd4 Nc5 20. b4 Nxd3 21.
cxd3 Rhf8 22. Rf4 Bd7 23. Ref1 f5 24. exf6 exf6 25. Rxf6 Rxf6 26. Rxf6 Bb5 1/2-1/2

[Event "ch-RUS Blitz 2016"]
[Site "Sochi RUS"]
[Date "2016.10.04"]
[Round "18.13"]
[White "Timofeev, Artyom"]
[Black "Belyakov, Bogdan"]
[Result "1/2-1/2"]
[WhiteTitle "GM"]
[BlackTitle "IM"]
[WhiteElo "2601"]
[BlackElo "2487"]
[WhiteFideId "4140419"]
[BlackFideId "24104795"]
[EventDate "2016.10.04"]

1. e4 d6 2. d4 g6 3. Nc3 a6 4. f4 b5 5. Bd3 Nd7 6. Nf3 Bg7 7. O-O Bb7 8. e5 Nh6
9. Qe2 e6 10. Ne4 Qe7 11. c3 O-O 12. a4 bxa4 13. Rxa4 a5 14. Bd2 Nb6 15. Raa1 a4
16. c4 Bxe4 17. Bxe4 d5 18. cxd5 exd5 19. Bd3 a3 20. bxa3 Rxa3 21. Rxa3 Qxa3 22.
f5 Nxf5 23. Bxf5 gxf5 24. Nh4 Re8 25. Nxf5 Re6 26. Bg5 Bf8 27. Bf6 Rxf6 28. exf6
Nc4 29. Qe8 h6 1/2-1/2

[Event "ch-RUS Blitz 2016"]
[Site "Sochi RUS"]
[Date "2016.10.04"]
[Round "18.14"]
[White "Matinian, Nikita"]
[Black "Predke, Alexandr"]
[Result "1/2-1/2"]
[WhiteTitle "IM"]
[BlackTitle "GM"]
[WhiteElo "2495"]
[BlackElo "2587"]
[WhiteFideId "24129100"]
[BlackFideId "24107581"]
[EventDate "2016.10.04"]

1. Nf3 d5 2. g3 c6 3. Bg2 Bg4 4. O-O Nd7 5. d3 e6 6. e4 Ne5 7. Bf4 dxe4 8. Bxe5
exf3 9. Bxf3 Bxf3 10. Qxf3 Nf6 11. a4 Qd5 12. Qe2 Ng4 13. Qxg4 Qxe5 14. Nd2 h5
15. Nc4 Qd5 16. Qe4 h4 17. a5 hxg3 18. hxg3 a6 19. Rfe1 Rd8 20. Kg2 g6 21. Ne3
Qxe4+ 22. dxe4 Rd4 23. Kf3 Bc5 24. c3 Rd2 25. Re2 Rd3 26. Rd1 Rxd1 27. Nxd1 Ke7
28. Ne3 Bxe3 29. Kxe3 e5 30. Kd3 Rh1 31. Kc4 Kd6 32. Rd2+ Kc7 33. Re2 Rd1 34. b4
Kd6 35. Re3 Rd2 36. Rf3 Ke6 37. Kc5 f5 38. exf5+ gxf5 39. Kb6 Rd7 40. Re3 Kf6
41. Re1 e4 42. Rh1 Kg5 43. Rh8 Kg4 44. Rh4+ Kg5 45. Rh8 Kg4 46. Rh4+ Kg5 47. Rh8
Kg4 48. Rh4+ 1/2-1/2

[Event "ch-RUS Blitz 2016"]
[Site "Sochi RUS"]
[Date "2016.10.04"]
[Round "18.15"]
[White "Golubov, Saveliy"]
[Black "Rozum, Ivan"]
[Result "1-0"]
[WhiteTitle "IM"]
[BlackTitle "GM"]
[WhiteElo "2481"]
[BlackElo "2590"]
[WhiteFideId "24176729"]
[BlackFideId "24104272"]
[EventDate "2016.10.04"]

1. Nf3 Nf6 2. g3 g6 3. b3 Bg7 4. Bb2 b6 5. Bg2 Bb7 6. O-O O-O 7. c4 c5 8. Nc3
Nc6 9. d4 cxd4 10. Nxd4 Rc8 11. Nc2 Qc7 12. Rb1 Qb8 13. e4 a6 14. Nd5 b5 15.
Nxf6+ Bxf6 16. Bxf6 exf6 17. Ne3 Ne5 18. f4 Qa7 19. Re1 Nc6 20. Kh1 Nd4 21. Qd3
Rfe8 22. Rbd1 Ne6 23. Ng4 Kg7 24. Qc3 1-0

[Event "ch-RUS Blitz 2016"]
[Site "Sochi RUS"]
[Date "2016.10.04"]
[Round "18.16"]
[White "Zakhartsov, Vladimir"]
[Black "Sharafiev, Azat"]
[Result "0-1"]
[WhiteTitle "IM"]
[BlackTitle "IM"]
[WhiteElo "2452"]
[BlackElo "2418"]
[WhiteFideId "4145097"]
[BlackFideId "4186214"]
[EventDate "2016.10.04"]

1. Nf3 c5 2. c4 Nf6 3. g3 b6 4. Bg2 Bb7 5. O-O e6 6. Nc3 Be7 7. Re1 d6 8. e4 a6
9. d4 cxd4 10. Nxd4 Qc7 11. Be3 Nbd7 12. Rc1 Rc8 13. f4 O-O 14. g4 g6 15. g5 Nh5
16. Kh1 e5 17. fxe5 dxe5 18. Nde2 Nf4 19. Nxf4 exf4 20. Bd4 Bxg5 21. Nd5 Bxd5
22. exd5 Qd6 23. Qg4 Bf6 24. Re4 h5 25. Qf3 Nc5 26. Rxf4 Bg5 27. Be3 Bxf4 28.
Bxf4 Qf6 29. b4 Nd3 30. Qxd3 Qxf4 31. Qc3 Rfe8 32. c5 bxc5 33. bxc5 Re2 34. Rf1
Qg5 35. Bf3 Re3 36. Qc1 Qe5 37. c6 Rxf3 38. Rxf3 Qxd5 39. Qf4 Rxc6 40. Kg2 Rc3
41. Qb8+ Kh7 0-1

[Event "ch-RUS Blitz 2016"]
[Site "Sochi RUS"]
[Date "2016.10.04"]
[Round "18.17"]
[White "Kryakvin, Dmitry"]
[Black "Levin, Evgeny A."]
[Result "0-1"]
[WhiteTitle "GM"]
[BlackTitle "GM"]
[WhiteElo "2554"]
[BlackElo "2505"]
[WhiteFideId "4153278"]
[BlackFideId "4182596"]
[EventDate "2016.10.04"]

1. Nf3 Nf6 2. d4 g6 3. Bg5 Bg7 4. Nbd2 O-O 5. c3 d6 6. h3 c5 7. e3 b6 8. a4 a6
9. Bd3 Bb7 10. O-O Nbd7 11. Qe2 Qc7 12. e4 h6 13. Be3 e5 14. dxe5 Nxe5 15. Nxe5
dxe5 16. Rfd1 Nh5 17. Bc4 Rfd8 18. Qf3 Nf4 19. Nf1 Kh7 20. Bxf4 exf4 21. Bd5
Bxd5 22. Rxd5 Rxd5 23. exd5 Rd8 24. Nd2 b5 25. axb5 axb5 26. Rd1 c4 27. Nb1 Qc5
28. Na3 b4 29. cxb4 Qxb4 30. Qxf4 Qb3 31. Qf3 c3 32. d6 Qxb2 33. Nc4 Qb4 34. Ne3
Rxd6 35. Rxd6 Qxd6 36. Qxf7 0-1

[Event "ch-RUS Blitz 2016"]
[Site "Sochi RUS"]
[Date "2016.10.04"]
[Round "18.18"]
[White "Lugovskoy, Maxim"]
[Black "Zablotsky, Sergei"]
[Result "0-1"]
[WhiteTitle "IM"]
[BlackTitle "GM"]
[WhiteElo "2436"]
[BlackElo "2518"]
[WhiteFideId "24126454"]
[BlackFideId "4131606"]
[EventDate "2016.10.04"]

1. d4 d5 2. c4 e6 3. Nf3 a6 4. g3 dxc4 5. Bg2 Nc6 6. O-O Rb8 7. a4 Nf6 8. e3 b5
9. axb5 axb5 10. b3 cxb3 11. Nbd2 Be7 12. Nxb3 O-O 13. Bb2 Bb7 14. Qe2 Nb4 15.
Rfc1 Bd5 16. Nc5 Bc4 17. Qd1 Bxc5 18. dxc5 Nd3 19. Rcb1 Nxc5 20. Nd4 Bd5 21. Ba3
Bxg2 22. Kxg2 Qd5+ 23. Qf3 Qxf3+ 24. Kxf3 Nfd7 25. Rxb5 Ra8 26. Nc2 c6 27. Rxc5
Rxa3 28. Rxa3 Nxc5 29. Rc3 Nd7 30. Nd4 c5 31. Nb3 Rc8 32. Ke4 Kf8 33. f4 Ke7 34.
Na5 Ra8 35. Nc4 Ra2 36. h4 f5+ 37. Kf3 Nf6 0-1

[Event "ch-RUS Blitz 2016"]
[Site "Sochi RUS"]
[Date "2016.10.04"]
[Round "18.19"]
[White "Evdokimov, Alexander A."]
[Black "Moiseenko, Vadim"]
[Result "1-0"]
[WhiteTitle "GM"]
[BlackTitle "IM"]
[WhiteElo "2495"]
[BlackElo "2528"]
[WhiteFideId "4139275"]
[BlackFideId "4123700"]
[EventDate "2016.10.04"]

1. e4 c6 2. d4 d5 3. exd5 cxd5 4. Bd3 Nc6 5. c3 Qc7 6. Na3 a6 7. Nc2 Nf6 8. h3
g6 9. Ne2 Bg7 10. Bf4 Qb6 11. Qc1 O-O 12. O-O Bd7 13. Rd1 Rfe8 14. Ne3 Rac8 15.
Qd2 Qa5 16. Bg5 e6 17. Bxf6 Bxf6 18. Ng4 Bg7 19. Nh6+ Bxh6 20. Qxh6 Ne7 21. Nf4
Bb5 22. Nh5 gxh5 23. Bxh7+ Kh8 24. Bg6+ 1-0

[Event "ch-RUS Blitz 2016"]
[Site "Sochi RUS"]
[Date "2016.10.04"]
[Round "19.1"]
[White "Artemiev, Vladislav"]
[Black "Savchenko, Boris"]
[Result "1-0"]
[WhiteTitle "GM"]
[BlackTitle "GM"]
[WhiteElo "2663"]
[BlackElo "2613"]
[WhiteFideId "24101605"]
[BlackFideId "4147332"]
[EventDate "2016.10.04"]

1. d4 d5 2. Bf4 c5 3. e3 Nf6 4. c3 Qb6 5. Qb3 Nc6 6. Nd2 e6 7. Ngf3 Be7 8. h3
Bd7 9. Be2 Rc8 10. O-O O-O 11. Rfe1 Rfd8 12. Rac1 Be8 13. Qc2 cxd4 14. exd4 Nb4
15. Qb1 Nc6 16. Bd3 Bf8 17. Bg5 h6 18. Bxf6 gxf6 19. Nf1 Ne7 20. Ng3 Bg7 21. Nh5
Bb5 22. Bc2 Kh8 23. Rcd1 Rg8 24. Qc1 Qd6 25. Nxf6 Rgd8 26. Ne5 Rf8 27. Nh5 f6
28. Ng4 Ng8 29. Nf4 Ne7 30. Rxe6 1-0

[Event "ch-RUS Blitz 2016"]
[Site "Sochi RUS"]
[Date "2016.10.04"]
[Round "19.2"]
[White "Dubov, Daniil"]
[Black "Matlakov, Maxim"]
[Result "1-0"]
[WhiteTitle "GM"]
[BlackTitle "GM"]
[WhiteElo "2648"]
[BlackElo "2691"]
[WhiteFideId "24126055"]
[BlackFideId "4168003"]
[EventDate "2016.10.04"]

1. c4 Nf6 2. Nc3 e5 3. Nf3 Nc6 4. g3 d5 5. cxd5 Nxd5 6. Bg2 Nb6 7. O-O Be7 8. a3
O-O 9. b4 Re8 10. d3 Bf8 11. Ne4 a5 12. b5 Nd4 13. Bb2 Nxf3+ 14. Bxf3 Bh3 15.
Re1 Bd7 16. a4 c6 17. Nc3 Bb4 18. bxc6 Bxc6 19. Bxc6 bxc6 20. Qc2 c5 21. Red1
Rc8 22. Ne4 Qe7 23. Nd2 h5 24. Nc4 Nxc4 25. dxc4 Rcd8 26. Qf5 g6 27. Qe4 Qe6 28.
Rd5 Rxd5 29. cxd5 Qd6 30. Qc4 e4 31. Rd1 h4 32. Kg2 f6 33. gxh4 Kf7 34. Qb5 Re7
35. Qc4 Kg7 36. e3 Qd7 37. h3 Qd6 38. Qe2 Kh7 39. h5 Rg7 40. Kh1 Qd7 41. Qg4
Qxg4 42. hxg4 gxh5 43. Bxf6 Rd7 44. gxh5 c4 45. Rd4 c3 46. Rc4 Rxd5 47. Bxc3
Rxh5+ 48. Kg2 Bxc3 49. Rxc3 Rg5+ 50. Kh3 Rf5 51. Kg3 Kg6 52. Rc6+ Kf7 53. Rc4
Rg5+ 54. Kh3 Re5 55. Kg4 Ke6 56. Rd4 Kf6 57. Rd6+ Ke7 58. Ra6 Rc5 59. Kf4 Rc2
60. Rxa5 Rxf2+ 61. Kxe4 Rh2 62. Re5+ Kd6 63. Rd5+ Ke6 64. Rd4 Ra2 65. Kf4 Ra3
66. e4 Ra1 67. Rb4 Rf1+ 68. Ke3 Re1+ 69. Kd4 Kd6 70. Rb6+ Kc7 71. Rb5 Ra1 72. a5
Kd6 73. Rb6+ Kc7 74. Rb5 Kd6 75. e5+ Ke6 76. Rb6+ Kd7 77. a6 Ra4+ 78. Kd5 Ra5+
79. Ke4 Ra1 80. Rd6+ Ke7 81. Rh6 Re1+ 82. Kd5 Ra1 83. a7 Ra5+ 84. Kc6 1-0

[Event "ch-RUS Blitz 2016"]
[Site "Sochi RUS"]
[Date "2016.10.04"]
[Round "19.3"]
[White "Pridorozhni, Aleksei"]
[Black "Andreikin, Dmitry"]
[Result "0-1"]
[WhiteTitle "GM"]
[BlackTitle "GM"]
[WhiteElo "2579"]
[BlackElo "2736"]
[WhiteFideId "4127870"]
[BlackFideId "4158814"]
[EventDate "2016.10.04"]

1. b3 e5 2. Bb2 Nc6 3. e3 g6 4. Nf3 Bg7 5. d4 e4 6. Nfd2 f5 7. c4 d6 8. Nc3 Nf6
9. a3 O-O 10. Be2 Ne7 11. Qc2 c6 12. h3 d5 13. cxd5 cxd5 14. a4 Be6 15. Ba3 Rc8
16. Rc1 f4 17. Qb2 Rf7 18. Nf1 Nf5 19. g4 Nh4 20. exf4 Ng2+ 21. Kd2 Nxf4 22. Ne3
Ne8 23. Na2 Rxc1 24. Nxc1 Qh4 25. Nd1 Nxh3 26. Qc3 Qg5+ 27. Qe3 0-1

[Event "ch-RUS Blitz 2016"]
[Site "Sochi RUS"]
[Date "2016.10.04"]
[Round "19.5"]
[White "Grachev, Boris"]
[Black "Ponkratov, Pavel"]
[Result "1-0"]
[WhiteTitle "GM"]
[BlackTitle "GM"]
[WhiteElo "2628"]
[BlackElo "2589"]
[WhiteFideId "4129199"]
[BlackFideId "4157800"]
[EventDate "2016.10.04"]

1. d4 Nf6 2. Nf3 c5 3. e3 g6 4. dxc5 Na6 5. Bxa6 Qa5+ 6. Nc3 Qxa6 7. e4 Qa5 8.
Qd4 Qa6 9. Nd5 Kd8 10. Bf4 Nxd5 11. Qxh8 Nxf4 12. Qxf8+ Kc7 13. O-O-O Qe6 14.
Nd4 Qf6 15. e5 Qg5 16. Kb1 b6 17. h4 Qxe5 18. Rhe1 Qxc5 19. Qxe7 Ba6 20. Qxf7
Rf8 21. Ne6+ Nxe6 22. Qxd7+ Kb8 23. Qxe6 Qxf2 24. b3 Bc8 25. Qd6+ Ka8 26. Rf1
Qxf1 27. Rxf1 Rxf1+ 28. Kb2 Rf5 29. Qc6+ Kb8 30. Qd6+ Kb7 31. Qe7+ Kb8 32. Qxh7
Rf6 33. Qg7 Rc6 34. Qe5+ Kb7 35. Qe7+ Rc7 36. Qe4+ Rc6 37. g4 b5 38. h5 gxh5 39.
gxh5 Kb6 40. h6 1-0

[Event "ch-RUS Blitz 2016"]
[Site "Sochi RUS"]
[Date "2016.10.04"]
[Round "19.6"]
[White "Vitiugov, Nikita"]
[Black "Khismatullin, Denis"]
[Result "1-0"]
[WhiteTitle "GM"]
[BlackTitle "GM"]
[WhiteElo "2721"]
[BlackElo "2617"]
[WhiteFideId "4152956"]
[BlackFideId "4142578"]
[EventDate "2016.10.04"]

1. d4 Nf6 2. c4 e6 3. Nf3 d5 4. Nc3 Nbd7 5. Bg5 Be7 6. e3 h6 7. Bh4 c6 8. Qc2
O-O 9. Bd3 dxc4 10. Bxc4 b5 11. Bd3 a6 12. Ne4 Bb7 13. Bxf6 Nxf6 14. Nxf6+ Bxf6
15. Bh7+ Kh8 16. Be4 Rc8 17. b4 Qe7 18. Rb1 e5 19. O-O exd4 20. exd4 Rfe8 21.
Rfe1 Qd6 22. Qc3 Rcd8 23. Rbd1 Kg8 24. g3 Re6 25. Bc2 Rxe1+ 26. Rxe1 Kf8 27. Re4
g6 28. Ne5 a5 29. a3 axb4 30. axb4 Bxe5 31. dxe5 Qe7 32. e6 f6 33. Re3 Kg7 34.
Bb3 Rd6 35. Qc5 Kf8 36. h4 Rd2 37. Qc3 Rd8 38. Kh2 h5 39. Bc2 Kg7 40. Bb3 Rd6
41. Qc5 Kf8 42. Rf3 Ke8 43. Qa7 Rd8 44. Re3 Rd2 45. Qb8+ Rd8 46. Qf4 c5 47. Qh6
Rd2 48. Qxg6+ Kd8 49. Qg8+ Kc7 50. Qf7 Rxf2+ 51. Kg1 Rg2+ 52. Kf1 1-0

[Event "ch-RUS Blitz 2016"]
[Site "Sochi RUS"]
[Date "2016.10.04"]
[Round "19.7"]
[White "Riazantsev, Alexander"]
[Black "Bocharov, Dmitry"]
[Result "1-0"]
[WhiteTitle "GM"]
[BlackTitle "GM"]
[WhiteElo "2651"]
[BlackElo "2611"]
[WhiteFideId "4125029"]
[BlackFideId "4138716"]
[EventDate "2016.10.04"]

1. d4 d6 2. e4 Nf6 3. f3 e5 4. d5 Be7 5. Be3 Nh5 6. Qd2 h6 7. Nc3 Bg5 8. Nge2
Bxe3 9. Qxe3 Nd7 10. h4 Nhf6 11. g4 Nf8 12. O-O-O Bd7 13. Kb1 a6 14. Nc1 Ng6 15.
N3e2 Bb5 16. h5 Bxe2 17. Nxe2 Ne7 18. Qb3 Qb8 19. Nc1 Qa7 20. Qa4+ Nd7 21. Nb3
O-O-O 22. Na5 Qb6 23. Nc4 Qc5 24. b4 Qf2 25. Qb3 Kb8 26. Na5 Qa7 27. Rh2 Nf6 28.
c4 Nh7 29. Rc2 b6 30. Nc6+ Nxc6 31. dxc6 Ng5 32. a4 Ne6 33. Qc3 a5 34. b5 Nc5
35. Ra2 f6 36. Qd2 Ka8 37. Qd5 Rdf8 38. Bh3 Qb8 39. Kb2 Qe8 40. Ka3 Qf7 41. Rh2
Kb8 42. Bf1 Ne6 43. Rhd2 Qe7 44. Ka2 Nc5 45. Ka3 Rhg8 46. Rh2 g6 47. hxg6 Rxg6
48. Be2 Qg7 49. Rdh1 Rh8 50. Rh5 Rg5 51. R5h4 Qg6 52. Bd1 Qg7 53. Bc2 Rg6 54.
Rh5 Qe7 55. Qd2 d5 56. Ka2 dxe4 57. Bxe4 Nxe4 58. fxe4 Rd8 59. Qc2 Rxg4 60. Rxh6
Qg7 61. Rh7 Qg6 62. Rd7 Rc8 63. Rhd1 Rxe4 64. Rd8 Qg4 65. Rxc8+ Kxc8 66. Kb3
Re3+ 67. Rd3 Qe4 68. Rxe3 Qxe3+ 69. Ka2 e4 70. Qh2 Kd8 71. Qh8+ Ke7 72. Qg7+ Ke6
73. Qxc7 Qd2+ 74. Kb1 Qb4+ 75. Kc2 Qxc4+ 76. Kd1 Qd3+ 77. Ke1 e3 78. Qc8+ Ke7
79. Qc7+ Kf8 80. Qc8+ Ke7 81. Qc7+ Ke6 82. Qc8+ Ke5 83. Qc7+ Ke6 84. Qc8+ Ke7
85. Qc7+ Ke6 86. Qc8+ Ke7 87. Qc7+ Kf8 88. Qc8+ Kg7 89. Qd7+ 1-0

[Event "ch-RUS Blitz 2016"]
[Site "Sochi RUS"]
[Date "2016.10.04"]
[Round "19.8"]
[White "Khairullin, Ildar"]
[Black "Chigaev, Maksim"]
[Result "1-0"]
[WhiteTitle "GM"]
[BlackTitle "IM"]
[WhiteElo "2630"]
[BlackElo "2551"]
[WhiteFideId "4151348"]
[BlackFideId "4108116"]
[EventDate "2016.10.04"]

1. c4 g6 2. d4 Bg7 3. e4 d6 4. Nc3 Nf6 5. Nf3 O-O 6. h3 Qe8 7. Bg5 Na6 8. Be2 e5
9. d5 Nh5 10. g3 f5 11. exf5 gxf5 12. Nh4 Nf6 13. Qc2 Nb4 14. Qd2 a5 15. a3 Na6
16. Qc2 e4 17. Be3 Nd7 18. Ng2 Ne5 19. Nf4 Bd7 20. O-O a4 21. Nb5 Nf3+ 22. Bxf3
exf3 23. Nd4 Qe4 24. Qd1 Nc5 25. Rc1 Rae8 26. Rc2 Be5 27. Nxf3 Bf6 28. Bxc5 dxc5
29. Re1 1-0

[Event "ch-RUS Blitz 2016"]
[Site "Sochi RUS"]
[Date "2016.10.04"]
[Round "19.9"]
[White "Zakhartsov, Vladimir"]
[Black "Rakhmanov, Aleksandr"]
[Result "1-0"]
[WhiteTitle "IM"]
[BlackTitle "GM"]
[WhiteElo "2452"]
[BlackElo "2662"]
[WhiteFideId "4145097"]
[BlackFideId "4173708"]
[EventDate "2016.10.04"]

1. e4 c5 2. Nf3 Nf6 3. Nc3 d5 4. exd5 Nxd5 5. Bb5+ Bd7 6. Bc4 Nb6 7. Be2 Nc6 8.
O-O Bf5 9. Bb5 Bd7 10. d3 e6 11. Bxc6 Bxc6 12. Ne5 Rc8 13. Qh5 Rc7 14. Re1 g6
15. Qg4 Bg7 16. Bg5 Qd4 17. Qg3 O-O 18. Nxg6 hxg6 19. Qxc7 Nd5 20. Nxd5 Qxd5 21.
Qg3 Bxb2 22. Rab1 Qxa2 23. Be7 Rc8 24. h4 Bg7 25. h5 Kh7 26. hxg6+ fxg6 27. Rb3
Bd5 28. Rbb1 Qxc2 29. Rbc1 Qd2 30. Bg5 Qa2 31. Qh4+ Kg8 32. Bf6 Rf8 33. Bxg7
Kxg7 34. Qe7+ Rf7 35. Qxc5 Qb2 36. Qe3 b6 37. d4 Qb5 38. Qe5+ Kh7 39. Rc8 Rg7
40. Qh2# 1-0

[Event "ch-RUS Blitz 2016"]
[Site "Sochi RUS"]
[Date "2016.10.04"]
[Round "19.10"]
[White "Morozevich, Alexander"]
[Black "Romanov, Evgeny"]
[Result "1-0"]
[WhiteTitle "GM"]
[BlackTitle "GM"]
[WhiteElo "2683"]
[BlackElo "2619"]
[WhiteFideId "4116992"]
[BlackFideId "4148843"]
[EventDate "2016.10.04"]

1. e4 e5 2. Nf3 Nc6 3. d4 exd4 4. Nxd4 Bc5 5. Be3 Qf6 6. c3 Nge7 7. Bb5 Bb6 8.
O-O O-O 9. a4 Qg6 10. a5 Bxd4 11. cxd4 d5 12. exd5 Nxd5 13. Nc3 Bg4 14. Qd3 Bf5
15. Qd2 Ncb4 16. Bf4 c6 17. Bc4 Nxf4 18. Qxf4 Bd3 19. Bxd3 Nxd3 20. Qd2 Rad8 21.
Ne2 c5 22. Ra3 Ne5 23. Qf4 Nd3 24. Qf3 Nxb2 25. Qb3 cxd4 26. Qxb2 d3 27. Nd4 Qe4
28. Nf3 Rd6 29. Raa1 Rg6 30. Ne1 1-0